00733cam a22002291 4500001001300000003000400013005001700017008004100034010001700075025001900092040001800111043001200129050002300141082002400164100003100188245010700219260004800326300002600374504003000400650003100430651004200461sa 66007526 DLC20260227112305.0740123s1966 ii b 000 0 eng  asa 66007526  aPL480:I-E-6916 aDLCcDLCdDLC aa-ii---00aKNS1760b.S53 196600a342.54a345.4022191 aSharma, Brij Mohan,d1898-14aThe Republic of India: Constitution and governmentc[by] B. M. Sharma. With a foreword by K. N. Katju. aBombay,aNew York,bAsia Pub. Housec[1966] axviii, 655 p.c25 cm. aBibliography: p. 641-644. 0aConstitutional lawzIndia. 0aIndiaxPolitics and governmenty1947-